[Event "Stuttgart-chA op"]
[Site "Ditzingen"]
[Date "2015.05.14"]
[Round "2"]
[White "Hirtreiter, Pierre"]
[Black "Maj, Kornel"]
[Result "1/2-1/2"]
[WhiteElo "2027"]
[BlackElo "2073"]
[PlyCount "39"]
[EventDate "2015.05.14"]
[EventType "swiss"]
[EventRounds "7"]
[EventCountry "GER"]
[SourceTitle "EXT 2018"]
[Source "ChessBase"]
[SourceDate "2017.10.13"]
[SourceVersion "1"]
[SourceVersionDate "2017.10.13"]
[SourceQuality "1"]

1. e4 c5 2. Nf3 Nc6 3. d4 cxd4 4. Nxd4 e5 5. Nb5 d6 6. c4 Be7 7. g3 Be6 8. N1c3 a6 9. Na3 Bg5 10. Bg2 Bxc1 11. Rxc1 Nge7 12. 0-0 0-0 13. Nd5 f5 14. exf5 Nxf5 15. Nc2 Kh8 16. Nce3 Ncd4 17. Nxf5 Bxf5 18. f4 Rc8 19. Kh1 Nc6 20. fxe5 1/2-1/2

[Event "Magdeburg op-A"]
[Site "Magdeburg"]
[Date "2014.06.12"]
[Round "7"]
[White "Reisberg, Andre"]
[Black "Hirtreiter, Pierre"]
[Result "0-1"]
[WhiteElo "1993"]
[BlackElo "1854"]
[PlyCount "58"]
[EventDate "2014.06.08"]
[EventType "swiss"]
[EventRounds "9"]
[EventCountry "GER"]
[SourceTitle "CBM 160 Extra"]
[Source "ChessBase"]
[SourceDate "2014.07.01"]
[SourceVersion "1"]
[SourceVersionDate "2014.07.01"]
[SourceQuality "1"]

1. Nf3 Nf6 2. e3 g6 3. c4 Bg7 4. d4 0-0 5. Bd3 c5 6. 0-0 cxd4 7. exd4 d5 8. Nc3 dxc4 9. Bxc4 Bg4 10. Be2 Nd5 11. h3 Nxc3 12. bxc3 Bxf3 13. Bxf3 Qc7 14. Ba3 Rd8 15. Qe2 Nc6 16. Rfe1 e6 17. Rab1 Rac8 18. Qb5 b6 19. Rbc1 Na5 20. Bb4 Nc4 21. Be2 a5 22. Bxc4 Qxc4 23. Qxc4 Rxc4 24. Be7 Rdc8 25. Rb1 Rxc3 26. Rxb6 Rc2 27. Bc5 e5 28. Rd1 exd4 29. Bxd4 Rc1 0-1

[Event "Magdeburg op-A"]
[Site "Magdeburg"]
[Date "2014.06.11"]
[Round "6"]
[White "Hirtreiter, Pierre"]
[Black "Kaplun, David"]
[Result "0-1"]
[WhiteElo "1854"]
[BlackElo "1895"]
[PlyCount "147"]
[EventDate "2014.06.08"]
[EventType "swiss"]
[EventRounds "9"]
[EventCountry "GER"]
[SourceTitle "CBM 160 Extra"]
[Source "ChessBase"]
[SourceDate "2014.07.01"]
[SourceVersion "1"]
[SourceVersionDate "2014.07.01"]
[SourceQuality "1"]

1. e4 c5 2. Nf3 e6 3. d4 cxd4 4. Nxd4 a6 5. g3 b5 6. Bg2 Bb7 7. 0-0 Qc7 8. a4 b4 9. c3 Nf6 10. Re1 bxc3 11. Nxc3 d6 12. Be3 Nbd7 13. Rc1 Rc8 14. Nb3 Qb8 15. f4 Be7 16. Na5 Ba8 17. Qe2 0-0 18. Nc4 Qb4 19. Nxd6 Bxd6 20. e5 Nxe5 21. fxe5 Bxe5 22. Qxa6 Bxg2 23. Kxg2 Qxb2+ 24. Re2 Qb3 25. Ne4 Ra8 26. Qb5 Qxa4 27. Qxa4 Rxa4 28. Nc5 Raa8 29. Bg5 Bd6 30. Bxf6 gxf6 31. Nd7 Rfc8 32. Nxf6+ Kg7 33. Rxc8 Rxc8 34. Ne4 Be7 35. g4 Ra8 36. Ng3 Ra4 37. h3 Kg6 38. Nh5 h6 39. Re3 Bh4 40. Kf3 Ra2 41. Nf4+ Kf6 42. Nh5+ Ke7 43. Rd3 Ra5 44. Ke4 Ra4+ 45. Kf3 Bg5 46. Rb3 e5 47. Rb7+ Ke6 48. Ng7+ Kf6 49. Ne8+ Kg6 50. Rb6+ f6 51. Rb7 h5 52. Nd6 hxg4+ 53. hxg4 Ra3+ 54. Kg2 Ra4 55. Kf3 Rd4 56. Ne4 Bh4 57. Rb3 Kf7 58. Rb7+ Ke6 59. Rb6+ Ke7 60. Rb7+ Ke6 61. Rb6+ Kf7 62. Rb7+ Kg6 63. Rb3 Rd7 64. Re3 Kf7 65. Rb3 Ra7 66. Rd3 Rc7 67. Nd6+ Ke6 68. Ne4 Rc6 69. Ra3 Rc1 70. Ra6+ Kd7 71. Nxf6+ Bxf6 72. Rxf6 Rf1+ 73. Ke4 Rxf6 74. Kxe5 0-1

[Event "Magdeburg op-A"]
[Site "Magdeburg"]
[Date "2014.06.10"]
[Round "5"]
[White "Carow, Annelen"]
[Black "Hirtreiter, Pierre"]
[Result "0-1"]
[WhiteElo "2050"]
[BlackElo "1854"]
[PlyCount "47"]
[EventDate "2014.06.08"]
[EventType "swiss"]
[EventRounds "9"]
[EventCountry "GER"]
[SourceTitle "CBM 160 Extra"]
[Source "ChessBase"]
[SourceDate "2014.07.01"]
[SourceVersion "1"]
[SourceVersionDate "2014.07.01"]
[SourceQuality "1"]

1. d4 Nf6 2. c4 c5 3. d5 b5 4. cxb5 a6 5. f3 g6 6. e4 d6 7. Nc3 Bg7 8. a4 0-0 9. bxa6 Nxa6 10. Bc4 e6 11. Nge2 Nb4 12. 0-0 exd5 13. exd5 Nd7 14. b3 Ne5 15. Bb2 Bf5 16. Rc1 Nxc4 17. bxc4 Nd3 18. Rb1 Ne5 19. Qb3 Bxb1 20. Rxb1 Qh4 21. Ne4 Rab8 22. Qc2 Rxb2 23. Qxb2 Nxf3+ 24. gxf3 0-1

[Event "Regionalliga SW 1314"]
[Site "Bayern"]
[Date "2013.11.10"]
[Round "2.8"]
[White "Stock, Christoph"]
[Black "Hirtreiter, Pierre"]
[Result "1/2-1/2"]
[WhiteElo "2020"]
[BlackElo "1874"]
[PlyCount "24"]
[EventDate "2013.10.13"]
[EventType "team-tourn"]
[EventRounds "9"]
[EventCountry "GER"]
[SourceTitle "EXT 2015"]
[Source "ChessBase"]
[SourceDate "2014.11.20"]
[SourceVersion "1"]
[SourceVersionDate "2014.11.20"]
[SourceQuality "1"]
[WhiteTeam "Muenchen 36"]
[BlackTeam "MSA Zugzwang II"]
[WhiteTeamCountry "GER"]
[BlackTeamCountry "GER"]

1. e4 c5 2. Nf3 d6 3. b3 Nf6 4. d3 g6 5. Bb2 Bg7 6. Be2 Nc6 7. Nbd2 0-0 8. 0-0 e5 9. h3 Nh5 10. Nh2 Nf4 11. Ndf3 f5 12. Bc1 Ne6 1/2-1/2